Stanovenie hodnoty know-how a prístupy a aspekty ohodnotenia know-how v praxi

Problematika know-how a jeho využitie v obchodnej praxi. Možnosti jeho ohodnotenia a vplyv na zvýšenie hodnoty podniku v praxi. Charakteristika nehmotného majetku všeobecne, know-how a rozdelenie know-how. Prístupy k ohodnoteniu, metódy využívané pri ohodnotení, princípy potrebné dodržiavať a premen...

Full description

Saved in:
Bibliographic Details
Main Author: Gajdošová, Ľubica
Format: Book Chapter
Language:Slovak
Subjects:
Tags: Add Tag
No Tags, Be the first to tag this record!

MARC

LEADER 00000naa a2200000 4500
001 0271778
005 20210131143526.1
041 0 |a slo 
044 |a SK 
245 1 0 |a Stanovenie hodnoty know-how a prístupy a aspekty ohodnotenia know-how v praxi  |c Ľubica Gajdošová 
520 |a Problematika know-how a jeho využitie v obchodnej praxi. Možnosti jeho ohodnotenia a vplyv na zvýšenie hodnoty podniku v praxi. Charakteristika nehmotného majetku všeobecne, know-how a rozdelenie know-how. Prístupy k ohodnoteniu, metódy využívané pri ohodnotení, princípy potrebné dodržiavať a premenné vstupujúce do procesu ohodnotenia. Ukážka na konkrétnych príkladoch s výpočtom ohodnotenia know-how. 
610 2 0 |a know-how 
610 2 0 |a majetok nehmotný 
610 2 0 |a metódy ohodnocovania 
610 2 0 |a ohodnocovanie podniku 
610 2 0 |a hodnota podniku 
610 2 0 |a vlastníctvo duševné 
610 2 0 |a licencie patentové 
610 2 0 |a známky ochranné 
100 1 |a Gajdošová, Ľubica